| 000 | 00604nam a22001817a 4500 | ||
|---|---|---|---|
| 008 | 121030t ag||||| |||| 00| 0 spa d | ||
| 020 | _a9501404862 | ||
| 050 | 0 | 4 |
_aKGF6039 _bS38 1989 |
| 100 | 1 | _aSchüler-Springorum, Horst | |
| 245 | 1 | 0 |
_aCuestiones básicas y estrategias de la política criminal / _cHorst Schüler-Springorum. |
| 250 | _a1a ed. | ||
| 260 |
_aBuenos Aires, Argentina : _bDepalma, _c1989 |
||
| 300 |
_aviii, 83 p. ; _c23 cm. |
||
| 490 | 0 |
_aBibliotecas de ciencias penales _v8 |
|
| 650 | 7 |
_2Lemb _aCriminología _zArgentina |
|
| 650 | 4 |
_aPolítica criminal _zArgentina |
|
| 942 |
_2ddc _cLIB |
||
| 999 |
_c34355 _d34355 |
||